Famous Charles' by Picture - Statistics

General Stats
  • This quiz has been taken 93 times
  • The average score is 4 of 6
Answer Stats
Picture Answer % Correct
Charlie Chaplin
94%
Prince Charles
92%
Ray Charles
92%
Charles Darwin
90%
Charlie Brown
70%
Charles Barkely
10%
No matching quizzes found
Score Distribution
Percent of People with Each Score
Percentile by Number Answered
Your Score History
You have not taken this quiz